000 00355nam a2200145 i 4500
001 bg
100 1 _aMisiak, Jan
_d(1942- ).
245 1 0 _aMechanika ogólna.
_nT. 2,
_pDynamika /
_cJan Misiak.
250 _aWyd.3 popr. i uzup.
260 _aWarszawa,
_c1989.
040 _cBPK
041 _apol
942 _cKS
008 s pl f |000 0 pol
999 _c4095
_d4095
856 _uhttp://koha.tu.koszalin.pl/cgi-bin/koha/opac-detail.pl?biblionumber=4095
_yKatalog online BPK